<La> communication marketing intégrée

Enregistré dans:
Détails bibliographiques
Auteur principal: Décaudin, Jean-Marc
Autres auteurs: Bouguerra, Afifa
Format: Livre
Langue:français
Publié: Paris Economica 2011
Édition:4e éd.
Collection:Collection Gestion
Sujets:
Tags: Ajouter un tag
Pas de tags, Soyez le premier à ajouter un tag!

MARC

LEADER 00000nam a2200000 4500
001 0146965
005 20240213142224.2
020 |a 978-2-7178-5985-0 
041 0 |a fre 
044 |a FR 
245 1 0 |a <La> communication marketing intégrée  |c Jean-Marc Décaudin, Afifa Bouguerra 
250 |a 4e éd. 
264 1 |a Paris  |b Economica  |c 2011 
300 |a 431 s. 
490 1 |a Collection Gestion 
830 0 |a Collection Gestion 
610 2 0 |a komunikácia marketingová 
610 2 0 |a stratégia marketingová 
610 2 0 |a médiá 
610 2 0 |a propagácia 
610 2 0 |a práca s verejnosťou 
610 2 0 |a spolupráca medzinárodná 
610 2 0 |a rozpočty 
610 2 0 |a audit 
100 1 |a Décaudin, Jean-Marc 
700 1 |a Bouguerra, Afifa